[Event "Scarborough CC Early Summer Swiss"]
[Site "Toronto"]
[Date "2007.05.10"]
[Round "1"]
[White "Moran, Mario"]
[Black "Samaroo, Muneshwar"]
[Result "1-0"]
[WhiteElo "1764"]
[BlackElo "1513"]
[PlyCount "65"]
[EventDate "2007.05.10"]
[EventType "swiss"]
[EventRounds "8"]
[EventCountry "CAN"]
[SourceTitle "EXT 2022"]
[Source "ChessBase"]
[SourceDate "2021.10.06"]
[SourceVersion "1"]
[SourceVersionDate "2021.10.06"]
[SourceQuality "1"]

1. e4 c5 2. f4 d6 3. Nf3 Nc6 4. Bb5 g6 5. d4 cxd4 6. Qxd4 f6 7. Qd5 Bd7 8. f5 g5 9. Nc3 a6 10. Bc4 Nh6 11. a3 Na5 12. Ba2 Bc6 13. Qd4 b5 14. Nxg5 Bd7 15. Ne6 Bxe6 16. Bxe6 Nf7 17. b4 Nc6 18. Bxf7+ Kxf7 19. Qd5+ Ke8 20. Qxc6+ Kf7 21. Qd5+ Ke8 22. 0-0 Rc8 23. Bb2 h5 24. Qe6 Qb6+ 25. Kh1 Rxc3 26. Bxc3 Bg7 27. Rf3 h4 28. Rd1 Qc7 29. Rdd3 Kf8 30. Bd4 h3 31. Rc3 hxg2+ 32. Kg1 Qxc3 33. Rxc3 1-0

[Event "Scarborough CC Spring Swiss"]
[Site "Toronto"]
[Date "2007.04.05"]
[Round "4"]
[White "Moran, Mario"]
[Black "Hall, John2"]
[Result "0-1"]
[WhiteElo "1751"]
[BlackElo "2065"]
[PlyCount "62"]
[EventDate "2007.03.15"]
[EventType "swiss"]
[EventRounds "8"]
[EventCountry "CAN"]
[SourceTitle "EXT 2022"]
[Source "ChessBase"]
[SourceDate "2021.10.06"]
[SourceVersion "1"]
[SourceVersionDate "2021.10.06"]
[SourceQuality "1"]

1. f4 d5 2. Nf3 Bg4 3. e3 Nd7 4. h3 Bxf3 5. Qxf3 e5 6. b3 e4 7. Qf2 Ngf6 8. Bb2 Bd6 9. Nc3 c6 10. 0-0-0 Qe7 11. g4 h6 12. Kb1 Ba3 13. Ba1 a5 14. Be2 a4 15. Rdf1 axb3 16. cxb3 Nc5 17. g5 Nfd7 18. h4 Nd3 19. Bxd3 exd3 20. Qe1 Nc5 21. Qd1 b5 22. Bb2 Bxb2 23. Kxb2 Ne4 24. Nxe4 Qa3+ 25. Kc3 dxe4 26. Qc1 Qxa2 27. Qb2 b4+ 28. Kxb4 Qa5+ 29. Kc4 Qb5+ 30. Kd4 Rd8+ 31. Kc3 Qc5# 0-1

[Event "Scarborough CC-ch reserves"]
[Site "Toronto"]
[Date "2007.02.01"]
[Round "5"]
[White "Moran, Mario"]
[Black "Gillis, Doug"]
[Result "1-0"]
[WhiteElo "1751"]
[BlackElo "1540"]
[PlyCount "39"]
[EventDate "2007.01.04"]
[EventType "swiss"]
[EventRounds "9"]
[EventCountry "CAN"]
[SourceTitle "EXT 2022"]
[Source "ChessBase"]
[SourceDate "2021.10.06"]
[SourceVersion "1"]
[SourceVersionDate "2021.10.06"]
[SourceQuality "1"]

1. e4 e6 2. d4 d5 3. Nd2 dxe4 4. Nxe4 Qd5 5. Bd3 Nf6 6. Nxf6+ gxf6 7. Nf3 Rg8 8. g3 Nc6 9. 0-0 Qh5 10. c4 e5 11. dxe5 Bg4 12. Be2 Rd8 13. Qb3 Na5 14. Qe3 f5 15. e6 Bg7 16. exf7+ Kxf7 17. Ng5+ Kg6 18. Qe6+ Bf6 19. Qf7+ Kh6 20. Qxh7# 1-0

[Event "Scarborough CC Late Fall Swiss"]
[Site "Toronto"]
[Date "2006.11.23"]
[Round "4"]
[White "Armstrong, Robert J"]
[Black "Moran, Mario"]
[Result "0-1"]
[WhiteElo "1648"]
[BlackElo "1590"]
[PlyCount "114"]
[EventDate "2006.11.02"]
[EventType "swiss"]
[EventRounds "8"]
[EventCountry "CAN"]
[SourceTitle "EXT 2022"]
[Source "ChessBase"]
[SourceDate "2021.10.06"]
[SourceVersion "1"]
[SourceVersionDate "2021.10.06"]
[SourceQuality "1"]

1. d4 Nf6 2. c4 e6 3. Nf3 c5 4. d5 exd5 5. cxd5 d6 6. Nc3 Be7 7. e4 0-0 8. Bc4 Nbd7 9. 0-0 a6 10. a4 Nb6 11. Bb3 Bg4 12. h3 Bh5 13. Re1 Nbd7 14. Bf4 Bxf3 15. Qxf3 Ne5 16. Qe2 Nfd7 17. Bh2 Bf6 18. f4 Ng6 19. g4 Bd4+ 20. Kh1 Qh4 21. Qg2 Rae8 22. Bg3 Qd8 23. g5 f6 24. f5 Nge5 25. gxf6 Qxf6 26. Bf2 Bxf2 27. Qxf2 Nd3 28. Qg2 Nxe1 29. Rxe1 Ne5 30. Rg1 Re7 31. Bc2 Nc4 32. Bb1 Qh4 33. b3 Ne5 34. Ne2 Rf6 35. Qg3 Qxg3 36. Rxg3 Rh6 37. Nf4 Rh4 38. Ne6 Nd7 39. Kg2 Nf6 40. Re3 Nh5 41. Rf3 Nf6 42. Re3 b5 43. Kg3 Rh6 44. axb5 axb5 45. Bd3 b4 46. Kg2 Ra7 47. Rg3 Nh5 48. Rg4 Ra2+ 49. Kf3 Rd2 50. Bc4 Rh2 51. Rh4 Nf6 52. Rxh6 gxh6 53. Nf4 Nd7 54. Kg3 Rc2 55. Nd3 Rc3 56. Kg4 Nb6 57. Nxc5 Rxc4 0-1